| 000 | 00922 a2200277 4500 | ||
|---|---|---|---|
| 001 | 15881 | ||
| 999 |
_c15881 _d13252 |
||
| 003 | TR-AnTOB | ||
| 005 | 20241011141316.0 | ||
| 008 | 041102s2002 tu eng | ||
| 020 | _a9752960144 | ||
| 035 | _a15881 | ||
| 041 | _aeng | ||
| 050 |
_aSB457.8 _b.A837 2002 |
||
| 090 | _aSB457.8 .A837 2002 | ||
| 100 | 1 |
_aAtasoy, Nurhan, _d1934- _9106535 |
|
| 245 | 2 |
_aA garden for the sultan: garden and flowers in the Ottoman culture / _cNurhan Atasoy ; ed. Gül İrepoğlu trans. Robert Bragner, Angela Roome. |
|
| 264 | 1 |
_aİstanbul : _bKoç Kültür Sanat Tanıtım, _c2002 |
|
| 300 |
_a367 p. : _bcol. ill. ; _c32 cm. |
||
| 500 | _aIncludes bibliograhies and index. | ||
| 650 | 0 |
_aDekorasyon ve süsleme _zTürkiye _96589 |
|
| 650 | 0 |
_aİslami dekoratif sanatlar _zTürkiye _96590 |
|
| 650 |
_aDekoratif sanatlar _zTürkiye _96591 |
||
| 650 |
_aBahçeler, İslami _zTürkiye _910557 |
||
| 902 | _a0010264 | ||
| 942 | _cBK | ||